Top 100 Länder nach Einwohner (absteigende Reihenfolge) - Statistiken

Allgemein
  • Dieses Quiz wurde 8 mal gespielt
  • Das Durchschnittsergebnis liegt bei 45 aus 100
Antwortstatistiken
Anzahl Einwohner (2022) Länder % Korrekt
1'436'600'000 China
100%
1'417'200'000 Indien
100%
275'500'000 Indonesien
86%
103'500'000 Ägypten
71%
123'400'000 Äthiopien
71%
171'200'000 Bangladesch
71%
214'800'000 Brasilien
71%
99'000'000 Demokratische Republik Kongo
71%
83'300'000 Deutschland
71%
88'600'000 Iran
71%
124'900'000 Japan
71%
127'500'000 Mexiko
71%
218'500'000 Nigeria
71%
235'800'000 Pakistan
71%
115'600'000 Philippinen
71%
144'300'000 Russland
71%
66'800'000 Thailand
71%
85'200'000 Türkei
71%
332'800'000 Vereinigte Staaten
71%
99'400'000 Vietnam
71%
67'600'000 Grossbritannien
57%
41'100'000 Afghanistan
43%
44'900'000 Algerien
43%
35'600'000 Angola
43%
46'200'000 Argentinien
43%
10'200'000 Aserbaidschan
43%
25'800'000 Australien
43%
9'200'000 Belarus
43%
11'600'000 Belgien
43%
1'980'000 Chile
43%
11'200'000 Dominikanische Republik
43%
65'800'000 Frankreich
43%
10'600'000 Griechenland
43%
11'600'000 Haiti
43%
44'500'000 Irak
43%
58'900'000 Italien
43%
33'700'000 Jemen
43%
19'200'000 Kasachstan
43%
54'000'000 Kenia
43%
49'100'000 Kolumbien
43%
11'100'000 Kuba
43%
29'600'000 Madagaskar
43%
22'600'000 Mali
43%
36'700'000 Marokko
43%
33'000'000 Mosambik
43%
54'200'000 Myanmar
43%
30'900'000 Nepal
43%
17'700'000 Niederlande
43%
26'100'000 Nordkorea
43%
9'000'000 Österreich
43%
33'400'000 Peru
43%
38'000'000 Polen
43%
10'300'000 Portugal
43%
19'000'000 Rumänien
43%
36'700'000 Saudi-Arabien
43%
10'500'000 Schweden
43%
8'800'000 Schweiz
43%
47'400'000 Spanien
43%
22'400'000 Sri Lanka
43%
60'600'000 Südafrika
43%
46'900'000 Sudan
43%
51'600'000 Südkorea
43%
23'200'000 Taiwan
43%
65'500'000 Tansania
43%
10'500'000 Tschechien
43%
47'200'000 Uganda
43%
41'000'000 Ukraine
43%
9'700'000 Ungarn
43%
35'600'000 Usbekistan
43%
28'300'000 Venezuela
43%
13'400'000 Benin
29%
12'200'000 Bolivien
29%
22'700'000 Burkina Faso
29%
12'900'000 Burundi
29%
18'000'000 Ecuador
29%
28'200'000 Elfenbeinküste
29%
33'500'000 Ghana
29%
17'800'000 Guatemala
29%
13'900'000 Guinea
29%
9'600'000 Honduras
29%
9'500'000 Israel
29%
11'200'000 Jordanien
29%
16'800'000 Kambodscha
29%
27'900'000 Kamerun
29%
38'800'000 Kanada
29%
20'400000 Malawi
29%
32'700'000 Malaysia
29%
26'200'000 Niger
29%
9'300'000 Papua-Neuguinea
29%
13'800'000 Ruanda
29%
20'000'000 Sambia
29%
17'900'000 Senegal
29%
16'300'000 Simbabwe
29%
17'600'000 Somalia
29%
22'100'000 Syrien
29%
10'000'000 Tadschikistan
29%
17'700'000 Tschad
29%
11'800'000 Tunesien
29%
9'400'000 Vereinigte Arabische Emirate
29%
10'900'000 Südsudan
14%
Keine übereinstimmenden Quizze gefunden
Verteilung der Resultate
Anzahl Personen mit jedem Resultat
Perzentil nach korrekt beantworteten Fragen
Ihre Resultats-Entwicklung
Sie haben dieses Quiz noch nicht gespielt